000
00276nam a2200121Ia 4500
999
_c
14098
_d
14098
008
260210s9999 xx 000 0 und d
020
_a
9789881974013
082
_a
747
100
_a
ICI
245
0
_a
Interior Design For Wellness Space
260
_b
DMPL
942
_c
BDES
_2
ddc